[Event "36th Olympiad w"]
[Site "Calvia ESP"]
[Date "2004.10.15"]
[Round "1"]
[White "Chang,S"]
[Black "Dembo,Y"]
[Result "0-1"]
[WhiteElo "2095"]
[BlackElo "2396"]
[EventDate "2004.10.15"]

1. d4 Nf6 2. c4 g6 3. Nc3 Bg7 4. e4 d6 5. Bd3 O-O 6. Nge2 c5 7. O-O Nc6 8.
d5 Ne5 9. Ng3 Nxd3 10. Qxd3 a6 11. f3 b5 12. Be3 bxc4 13. Qxc4 a5 14. Rf2
Ba6 15. Qa4 Nd7 16. Qc2 Ne5 17. b3 Nd3 18. Rd2 Nb4 19. Qc1 Rc8 20. Nge2
Bxe2 21. Nxe2 Bxa1 22. Qxa1 Re8 23. Bh6 f6 24. Qc3 Qb6 25. Qe3 Qb7 26. h4
c4 27. Kh2 cxb3 28. axb3 Rc2 29. Rd1 Qc8 30. Nd4 Rc3 31. Qf2 Nd3 32. Qa2
Ne5 33. Qxa5 Qc5 34. Qa4 Rb8 35. Bf4 Nd3 36. Bh6 Kf7 37. Qd7 Qc8 38. Qxc8
Rbxc8 39. Ra1 Ne5 40. Bf4 Rd3 41. Ra4 Nd7 42. Rb4 Rb8 43. Rc4 Ke8 44. Kg3
Nc5 45. Kf2 Ra8 46. b4 Ra4 47. Nc6 Rb3 48. Bc1 Nd3+ 49. Kg3 Ra1 50. Bh6 Ne5
51. Nxe5 fxe5 52. Rc2 Rxb4 53. Bg5 Kd7 54. Bh6 Rab1 55. Bg5 R1b2 56. Rxb2
Rxb2 57. Bc1 Rc2 58. Bg5 e6 59. dxe6+ Kxe6 60. Bh6 Kd7 61. Bg7 Kc6 62. Bf6
Kc5 63. Be7 Ra2 64. Bf8 Ra8 65. Be7 Re8 66. Bf6 h5 67. Bg5 Kd4 68. Kf2 Kd3
69. Bf6 Ra8 70. Be7 Ra6 71. Bf8 Kd4 72. Be7 d5 73. exd5 Kxd5 74. Bg5 Ra2+
75. Kg3 Re2 76. Bh6 Kc4 77. Bg7 Kd3 78. Bf8 Kd2 79. Bb4+ Kd1 80. Kh2 e4 0-1

[Event "36th Olympiad w"]
[Site "Calvia ESP"]
[Date "2004.10.15"]
[Round "1"]
[White "Botsari,A"]
[Black "Ribeiro,Re"]
[Result "1-0"]
[WhiteElo "2362"]
[BlackElo "2076"]
[EventDate "2004.10.15"]

1. d4 e6 2. c4 f5 3. g3 Nf6 4. Bg2 d5 5. Nf3 c6 6. O-O Bd6 7. Bf4 Bxf4 8.
gxf4 O-O 9. e3 Qe8 10. Ne5 Nbd7 11. Nc3 Ne4 12. Ne2 Rf6 13. f3 Nd6 14. c5
Nf7 15. b4 Rh6 16. Rf2 Nf8 17. Bf1 Ng6 18. Nxg6 Rxg6+ 19. Kh1 Bd7 20. Nc3
Qe7 21. Bd3 Qh4 22. Qe2 Rf8 23. a4 Nd8 24. b5 Rff6 25. Rb1 Rg3 26. Rg1 Rfg6
27. Rxg3 Rxg3 28. Qf1 Be8 29. Ne2 Rg6 30. Rg2 Rxg2 31. Kxg2 Qe7 32. Qe1 Qc7
33. Qb4 b6 34. a5 Qe7 35. axb6 axb6 36. bxc6 bxc5 37. Qxc5 Qxc5 38. dxc5
Nxc6 39. Bb5 Kf7 40. Nd4 Ne7 41. Bxe8+ Kxe8 42. Nxe6 g6 43. Kf2 Nc6 44.
Nc7+ Kd7 45. Nxd5 Ke6 46. Nc7+ Kd7 47. Nd5 Ke6 48. e4 Nd4 49. Nb4 Kd7 50.
Ke3 Ne6 51. Nd3 Kc6 52. h4 fxe4 53. fxe4 Nxc5 54. Nxc5 Kxc5 55. Kd3 h6 56.
Kc3 Kd6 57. Kd4 Ke6 58. e5 Kf5 59. Kd5 1-0

[Event "36th Olympiad w"]
[Site "Calvia ESP"]
[Date "2004.10.15"]
[Round "1"]
[White "Chaves,Joa"]
[Black "Makropoulou,M"]
[Result "0-1"]
[WhiteElo "2046"]
[BlackElo "2270"]
[EventDate "2004.10.15"]

1. e4 d5 2. exd5 Qxd5 3. Nc3 Qa5 4. d4 c6 5. Nf3 Nf6 6. Bc4 Bf5 7. O-O e6
8. Re1 Nbd7 9. h3 h6 10. a3 Be7 11. Bf4 Nd5 12. Bd2 Nxc3 13. Bxc3 Qc7 14.
Ne5 Nxe5 15. dxe5 Rd8 16. Qe2 b5 17. Ba2 O-O 18. Red1 a6 19. Be1 c5 20. c4
b4 21. Bb3 a5 22. f4 Rd4 23. axb4 Rxf4 24. bxa5 Re4 25. Qf2 Qxe5 26. Bc3
Qb8 27. Ra3 Bg5 28. Qf3 Re3 29. Qf1 Rxh3 30. Re1 Qh2+ 31. Kf2 Qg3+ 32. Kg1
Be3+ 33. Rxe3 Qxe3+ 34. Qf2 Rh1+ 0-1

[Event "36th Olympiad w"]
[Site "Calvia ESP"]
[Date "2004.10.15"]
[Round "1"]
[White "Ankudinova,E"]
[Black "De la Cruz,M"]
[Result "1-0"]
[WhiteElo "2243"]
[BlackElo "2086"]
[EventDate "2004.10.15"]

1. d4 Nf6 2. Nf3 d5 3. Bg5 e6 4. Nbd2 c5 5. e3 a6 6. c3 Nc6 7. Bd3 Be7 8.
Ne5 c4 9. Bc2 Nxe5 10. dxe5 Nd7 11. Bf4 b5 12. a3 Qc7 13. Nf3 h6 14. h4 Bb7
15. h5 O-O-O 16. Qe2 Bc5 17. Rd1 Be7 18. Rh3 Nc5 19. Rg3 Bf8 20. Rg4 Qe7
21. Nd4 f5 22. Rg6 Kb8 23. g4 fxg4 24. Qxg4 Re8 25. Kd2 Ka8 26. Kc1 Qf7 27.
Rg1 Qd7 28. Kd2 Qe7 29. Ra1 Qd7 30. f3 Ka7 31. Bg3 Qf7 32. Rf1 Rg8 33. Bf4
Rh8 34. Ra1 Qd7 35. Bg3 Qf7 36. a4 b4 37. cxb4 Nb3+ 38. Bxb3 Bxb4+ 39. Ke2
cxb3 40. Rxg7 Qf8 41. Nc6+ Ka8 42. Nxb4 Qc5 43. Qd4 1-0

[Event "36th Olympiad w"]
[Site "Calvia ESP"]
[Date "2004.10.15"]
[Round "1"]
[White "Koskoska,G"]
[Black "Mamedjarova,Z"]
[Result "0-1"]
[WhiteElo "2242"]
[BlackElo "2349"]
[EventDate "2004.10.15"]

1. e4 d6 2. d4 Nd7 3. Nf3 e6 4. Nc3 c5 5. dxc5 Nxc5 6. Be3 Be7 7. b4 Na6 8.
a3 Nf6 9. Bb5+ Bd7 10. Qd3 Nc7 11. Bxd7+ Qxd7 12. O-O O-O 13. Rfd1 Rfd8 14.
b5 Qc8 15. Na4 d5 16. e5 Nd7 17. Re1 a6 18. b6 Nb5 19. Bg5 Bxg5 20. Nxg5
Nf8 21. c3 Qc6 22. Re3 d4 23. cxd4 Rxd4 24. Qb3 Rg4 25. Rg3 Nd4 26. Qd1
Rxg3 27. hxg3 Rd8 28. Kh1 Qd5 29. f4 h6 30. Nc3 Qc6 31. Nge4 Qxb6 32. Nd6
Nf5 33. Nce4 Qe3 34. Qg4 Nxd6 35. Nxd6 b5 36. Rg1 Nd7 37. Qh4 Rf8 38. Qe7
Nb6 39. Qb7 Nd5 40. Qxa6 Nxf4 41. gxf4 Qxf4 42. g3 Qxe5 43. Kh2 Rd8 44.
Qxb5 Qxd6 45. a4 Qd2+ 46. Kh3 g5 47. Qb7 f5 48. Qe7 g4+ 49. Kh4 Qh2+ 0-1

[Event "36th Olympiad w"]
[Site "Calvia ESP"]
[Date "2004.10.15"]
[Round "1"]
[White "Velikhanli,F"]
[Black "Sekulovska,V"]
[Result "1/2-1/2"]
[WhiteElo "2322"]
[BlackElo "2164"]
[EventDate "2004.10.15"]

1. e4 e5 2. Nf3 Nc6 3. Bb5 Nf6 4. d3 Ne7 5. O-O Ng6 6. d4 c6 7. dxe5 Nxe4
8. Bc4 Be7 9. Re1 d5 10. exd6 Nxd6 11. Bb3 O-O 12. Nc3 Qc7 13. Be3 Nf5 14.
Bg5 h6 15. Bxe7 Nfxe7 16. Qe2 Bf5 17. Nd4 Rad8 18. Rad1 Qf4 19. Nxf5 Qxf5
20. a4 Qf6 21. a5 a6 22. Ne4 Qxb2 23. Nd6 Nd5 24. Bxd5 cxd5 25. Rb1 Qc3 26.
Nxb7 Rc8 27. Qxa6 Qxc2 28. Qe2 d4 29. Qxc2 Rxc2 30. g3 Rfc8 31. Nd6 Ra8 32.
Rb5 Ra2 33. Rd1 R8xa5 34. Rxa5 Rxa5 35. Rxd4 Ne5 36. Kg2 Ra2 1/2-1/2

[Event "36th Olympiad w"]
[Site "Calvia ESP"]
[Date "2004.10.15"]
[Round "1"]
[White "Ciuksyte,D"]
[Black "Berend,E"]
[Result "1/2-1/2"]
[WhiteElo "2361"]
[BlackElo "2307"]
[EventDate "2004.10.15"]

1. e4 c5 2. Nf3 e6 3. d4 cxd4 4. Nxd4 Nc6 5. Nb5 d6 6. c4 Nf6 7. N1c3 a6 8.
Na3 Be7 9. Be2 O-O 10. Be3 b6 11. f4 Bb7 12. O-O Re8 13. Bf3 Rc8 14. Qd2
Na5 15. Rac1 Ba8 16. Na4 Rb8 17. b4 b5 18. cxb5 axb5 19. Nc3 Nc4 20. Nxc4
bxc4 21. a3 d5 22. exd5 Bxd5 23. Rcd1 Qc7 24. Bd4 Rbd8 25. Qe3 Qb7 26. Kh1
Bxf3 27. Qxf3 Qxf3 28. Rxf3 Nd5 29. Rff1 Bf6 30. Nb5 c3 31. Bxf6 gxf6 32.
Rc1 c2 33. Rfe1 Nxf4 34. Rxc2 Nd3 35. Rb1 e5 36. Nc7 Re7 37. b5 e4 38. b6
e3 39. b7 e2 40. Rxe2 Rxe2 41. b8=Q Rxb8 42. Rxb8+ Kg7 43. h3 h5 44. a4 Ra2
45. Ne8+ Kg6 46. Rb3 Nf2+ 47. Kg1 Ne4 48. Rb4 f5 49. h4 f6 50. Rc4 Ra1+ 51.
Kh2 Nf2 52. Kg3 Ng4 53. Rb4 Ra3+ 54. Kf4 Ne5 55. Rd4 Nd3+ 56. Ke3 Nc5+ 57.
Kf2 Rxa4 58. Rxa4 Nxa4 59. Nc7 Nc5 1/2-1/2

[Event "36th Olympiad w"]
[Site "Calvia ESP"]
[Date "2004.10.15"]
[Round "1"]
[White "Bakalarz,G"]
[Black "Batyte,D"]
[Result "0-1"]
[WhiteElo "2035"]
[BlackElo "2130"]
[EventDate "2004.10.15"]

1. d4 Nf6 2. Nf3 e6 3. Bg5 c5 4. c3 d5 5. Nbd2 cxd4 6. cxd4 Nc6 7. e3 h6 8.
Bh4 Bd6 9. Bd3 Bd7 10. O-O Nb4 11. Be2 Rc8 12. Ne5 Nc6 13. Nxd7 Qxd7 14.
Rc1 g5 15. Bg3 h5 16. Bxd6 Qxd6 17. f3 Ke7 18. Qa4 Qb4 19. Qxb4+ Nxb4 20.
a3 Na2 21. Rxc8 Rxc8 22. Bd3 Nc1 23. Bb1 a5 24. Kf2 Nd7 25. e4 Nb6 26. b4
a4 27. exd5 Nxd5 28. Ne4 Nb3 29. Bd3 Nf4 30. Bb5 Rc2+ 31. Ke3 Nc1 32. Nxg5
Nd5+ 33. Ke4 Nc3+ 34. Kf4 Nxb5 35. Ne4 Nxd4 36. Nc5 Rxg2 37. Nxa4 f5 38.
Nc5 b6 39. Nd3 Nce2+ 40. Ke5 Nc6+ 0-1

[Event "36th Olympiad w"]
[Site "Calvia ESP"]
[Date "2004.10.15"]
[Round "1"]
[White "Ivoskaite,D"]
[Black "Steil Antoni,F"]
[Result "1-0"]
[WhiteElo "2043"]
[BlackElo "1936"]
[EventDate "2004.10.15"]

1. d4 d5 2. c4 e6 3. Nc3 Nf6 4. Nf3 Be7 5. Bg5 O-O 6. e3 h6 7. Bh4 Nbd7 8.
Rc1 c6 9. Bd3 Re8 10. O-O b6 11. cxd5 exd5 12. Bg3 Bb7 13. Bb1 Bf8 14. Qd3
g6 15. Ne5 Nxe5 16. Bxe5 Bg7 17. f4 Bc8 18. Qe2 Ng4 19. h3 Nxe5 20. fxe5 c5
21. Qf3 Be6 22. Ne2 c4 23. Nf4 Qd7 24. Qg3 g5 25. Nh5 Qd8 26. Nf6+ Bxf6 27.
Rxf6 Kg7 28. h4 g4 29. Bf5 h5 30. Qf4 Bxf5 31. Qxf5 Qc7 32. Rf1 Re7 33.
Qg5+ Kf8 34. Qh6+ Kg8 35. R1f5 1-0

[Event "36th Olympiad w"]
[Site "Calvia ESP"]
[Date "2004.10.15"]
[Round "1"]
[White "Cast,A"]
[Black "Sikorova,O"]
[Result "1/2-1/2"]
[WhiteElo "2082"]
[BlackElo "2252"]
[EventDate "2004.10.15"]

1. d4 c5 2. d5 Nf6 3. c4 e6 4. Nc3 exd5 5. cxd5 d6 6. e4 g6 7. Nf3 Bg7 8.
Bd3 O-O 9. O-O Bg4 10. h3 Bxf3 11. Qxf3 Na6 12. Bf4 Nc7 13. Rfe1 a6 14. a4
Rb8 15. e5 Nfxd5 16. Nxd5 Nxd5 17. Qxd5 dxe5 18. Qxc5 exf4 19. Rad1 Bd4 20.
Qc2 Qf6 21. Be4 Bxb2 22. Rb1 Bc3 23. Rec1 Bd4 24. Bxb7 a5 25. Qd2 Rfd8 26.
Qe2 Bc3 27. Qf3 Bb4 28. Rc7 Qf5 29. Rbc1 Kg7 30. Be4 Qe5 31. g3 Bd6 32. Ra7
Rbc8 33. Rxc8 Rxc8 34. Kg2 Rc7 35. Rxc7 Bxc7 36. gxf4 Qxf4 37. Qxf4 Bxf4
38. f3 Kf6 39. Bc6 Ke5 40. Be8 f6 41. Bf7 Kd6 42. Be8 Bd2 43. Bb5 Ke5 44.
Be8 Kf4 45. Bf7 f5 46. Be8 g5 47. Bf7 Ke3 1/2-1/2

[Event "36th Olympiad w"]
[Site "Calvia ESP"]
[Date "2004.10.15"]
[Round "1"]
[White "Cedikova,K"]
[Black "Evans Quek,D"]
[Result "1-0"]
[WhiteElo "2263"]
[BlackElo "2013"]
[EventDate "2004.10.15"]

1. d4 Nf6 2. c4 e6 3. Nf3 Bb4+ 4. Bd2 Qe7 5. g3 Ne4 6. Bg2 f5 7. O-O Nxd2
8. Nbxd2 Qf6 9. e4 Be7 10. Re1 O-O 11. a3 Nc6 12. e5 Qh6 13. d5 Nd8 14. Nd4
Nf7 15. b4 g5 16. c5 g4 17. Nc4 Bd8 18. b5 Qg7 19. d6 h5 20. Rb1 Ng5 21. c6
bxc6 22. bxc6 Ne4 23. Rxe4 fxe4 24. Bxe4 Ba6 25. cxd7 Bxc4 26. Bxa8 Qxe5
27. Rc1 c5 28. Nc6 Qe4 29. Ne7+ 1-0

[Event "36th Olympiad w"]
[Site "Calvia ESP"]
[Date "2004.10.15"]
[Round "1"]
[White "Smith,O"]
[Black "Blazkova,P"]
[Result "0-1"]
[WhiteElo "1831"]
[BlackElo "2214"]
[EventDate "2004.10.15"]

1. e4 d5 2. exd5 Qxd5 3. Nc3 Qa5 4. d4 Nf6 5. Bd2 Qb6 6. Bc1 Bg4 7. Be2
Bxe2 8. Qxe2 Nc6 9. Qb5 Qxb5 10. Nxb5 O-O-O 11. Nf3 a6 12. Na3 Nxd4 13.
Nxd4 Rxd4 14. O-O e6 15. c3 Rd5 16. Nc2 Ng4 17. Ne3 Nxe3 18. Bxe3 Be7 19.
Rfd1 Rhd8 20. Rxd5 Rxd5 21. Kf1 Kd7 22. Ke2 Kc6 23. g3 f5 24. Rc1 e5 25. b4
Rd7 26. a4 g5 27. Rb1 Kd5 28. Rd1+ Ke6 29. Rb1 e4 30. b5 Rd3 31. Bd2 Bc5
32. Rb2 Kd5 33. Bxg5 Rxc3 34. bxa6 bxa6 35. a5 Ra3 36. Bd2 Bd4 37. Rc2 c5
38. h4 h5 39. Ke1 c4 40. Bb4 Rb3 41. Bd2 c3 42. Bc1 Rb2 0-1

[Event "36th Olympiad w"]
[Site "Calvia ESP"]
[Date "2004.10.15"]
[Round "1"]
[White "Nekrasova,E"]
[Black "Le Kieu Thien Kim"]
[Result "0-1"]
[WhiteElo "2107"]
[BlackElo "2329"]
[EventDate "2004.10.15"]

1. e4 e5 2. Nf3 Nf6 3. Nxe5 d6 4. Nf3 Nxe4 5. d4 d5 6. Bd3 Be7 7. O-O Nc6
8. Re1 Nf6 9. c4 O-O 10. cxd5 Nxd5 11. Nc3 Be6 12. a3 Bf6 13. h3 h6 14. Bc2
Nxc3 15. bxc3 Ne7 16. Rb1 b6 17. Ne5 c5 18. Ng4 Bxg4 19. Qxg4 cxd4 20. cxd4
Rc8 21. Qe4 Ng6 22. d5 Qd6 23. Ba4 Rc7 24. Bc6 Re7 25. Bf4 Nxf4 26. Qb4
Qxb4 27. axb4 Rxe1+ 28. Rxe1 Rd8 29. Rd1 Ne2+ 30. Kf1 Nd4 31. b5 a6 32.
bxa6 Nxc6 33. dxc6 Rxd1+ 34. Ke2 Rd8 0-1

[Event "36th Olympiad w"]
[Site "Calvia ESP"]
[Date "2004.10.15"]
[Round "1"]
[White "Hoang Xuan Thanh Khiet"]
[Black "Mouradian,S"]
[Result "1-0"]
[WhiteElo "2144"]
[BlackElo "2007"]
[EventDate "2004.10.15"]

1. e4 c5 2. Nf3 d6 3. d4 cxd4 4. Nxd4 Nf6 5. Nc3 a6 6. Be2 e5 7. Nb3 Be7 8.
O-O O-O 9. Be3 Be6 10. f4 exf4 11. Bxf4 Qb6+ 12. Kh1 Nbd7 13. Nd5 Bxd5 14.
exd5 Ne4 15. Qd4 Qxd4 16. Nxd4 Nb6 17. Bf3 f5 18. Nxf5 Nf2+ 19. Rxf2 Rxf5
20. Bg4 Rff8 21. Be6+ Kh8 22. b3 h6 23. Be3 Bf6 24. Raf1 Nc8 25. Bd4 Ne7
26. Bxf6 gxf6 27. Rxf6 Rxf6 28. Rxf6 Re8 29. Kg1 Kg7 30. Rf7+ Kg6 31. h4 b5
32. h5+ Kxh5 33. Bd7 Rd8 34. Rxe7 Kg6 35. Be6 Kf6 36. Ra7 Ke5 37. Rxa6 Kd4
38. Rc6 Ra8 39. Rxd6 Rxa2 40. Rc6 h5 41. d6 Ke5 42. d7 Ra1+ 43. Kf2 Rd1 44.
Rc8 1-0

[Event "36th Olympiad w"]
[Site "Calvia ESP"]
[Date "2004.10.15"]
[Round "1"]
[White "Lomibao,S"]
[Black "Arribas,M"]
[Result "1/2-1/2"]
[WhiteElo "2089"]
[BlackElo "2325"]
[EventDate "2004.10.15"]

1. e4 e6 2. d4 d5 3. Nc3 Bb4 4. exd5 exd5 5. Nf3 Bg4 6. Be2 Nf6 7. O-O O-O
8. Bg5 c6 9. Ne5 Bxe2 10. Nxe2 h6 11. Bh4 Be7 12. c3 Nbd7 13. Nxd7 Qxd7 14.
Bxf6 Bxf6 15. Nf4 Rfe8 16. Nd3 Re7 17. Qd2 Rae8 18. Rae1 Qf5 19. g3 h5 20.
Rxe7 Rxe7 21. Re1 Rxe1+ 22. Nxe1 Qe4 23. h4 Be7 24. a3 c5 25. dxc5 Bxc5 26.
Nc2 f6 27. Nd4 Kf7 28. Qd1 Bxd4 29. cxd4 g6 30. Qa4 Qe1+ 31. Kg2 Qe4+ 32.
Kg1 Qe1+ 33. Kg2 Qe4+ 1/2-1/2

[Event "36th Olympiad w"]
[Site "Calvia ESP"]
[Date "2004.10.15"]
[Round "1"]
[White "Pina,S"]
[Black "Mendoza,B"]
[Result "1-0"]
[WhiteElo "2313"]
[BlackElo "2131"]
[EventDate "2004.10.15"]

1. e4 e5 2. Nf3 Nc6 3. Bb5 Nf6 4. Qe2 Be7 5. c3 d6 6. d3 O-O 7. Nbd2 Nh5 8.
Nf1 f5 9. Ng3 fxe4 10. dxe4 Nf4 11. Bxf4 exf4 12. Nf5 Bf6 13. O-O Be6 14.
Rfd1 Ne5 15. N3d4 Bf7 16. g3 a6 17. Ba4 fxg3 18. hxg3 Kh8 19. Bb3 Qe8 20.
Bxf7 Qxf7 21. f4 Nd7 22. Re1 Rae8 23. Qf3 g6 24. Ne3 Nc5 25. Ng4 Bg7 26. b3
Re7 27. Re2 Rfe8 28. Rae1 Ne6 29. e5 h5 30. Nh2 dxe5 31. Nxe6 Qxe6 32. Qxb7
Qh3 33. Re3 Bf6 34. Qxa6 Re6 35. Qf1 Qf5 36. fxe5 Rxe5 37. Qxf5 gxf5 38.
Nf1 Rxe3 39. Rxe3 Rxe3 40. Nxe3 Bxc3 41. Nxf5 Kh7 42. Kg2 Kg6 43. Ne7+ Kg5
44. a4 Kg4 45. Nd5 Be5 46. a5 c6 47. a6 Bd4 48. Ne7 Bc5 49. Nxc6 h4 50.
gxh4 Kxh4 51. Kf3 Kg5 52. Ke4 Kf6 53. Kd5 Bb6 54. a7 1-0

[Event "36th Olympiad w"]
[Site "Calvia ESP"]
[Date "2004.10.15"]
[Round "1"]
[White "Cramling,P"]
[Black "Charmova,E"]
[Result "1-0"]
[WhiteElo "2477"]
[BlackElo "2047"]
[EventDate "2004.10.15"]

1. d4 d5 2. Nf3 e6 3. c4 Nf6 4. Nc3 Be7 5. Bg5 Nbd7 6. e3 O-O 7. Qc2 b6 8.
cxd5 exd5 9. Bd3 c5 10. Ne5 h6 11. Nc6 Qe8 12. Nxe7+ Qxe7 13. Nxd5 Qd8 14.
Nxf6+ Nxf6 15. Bxf6 Qxf6 16. dxc5 bxc5 17. O-O Be6 18. b3 Qe7 19. Rac1 Rfc8
20. f4 a5 21. e4 Qa7 22. Qf2 a4 23. f5 Bd7 24. Bc4 axb3 25. axb3 Re8 26.
Bd5 Rac8 27. b4 Bb5 28. Rfe1 Qa4 29. bxc5 Bc6 30. h3 Qb4 31. Red1 1-0

[Event "36th Olympiad w"]
[Site "Calvia ESP"]
[Date "2004.10.15"]
[Round "1"]
[White "Andersson,C"]
[Black "Courtney,H"]
[Result "1-0"]
[WhiteElo "2168"]
[BlackElo "2050"]
[EventDate "2004.10.15"]

1. e4 d5 2. exd5 Nf6 3. Nc3 Bg4 4. Be2 Bxe2 5. Qxe2 Nxd5 6. Nf3 c6 7. O-O
e6 8. Nxd5 cxd5 9. d4 Nc6 10. c3 Be7 11. Bf4 O-O 12. Bg3 Rc8 13. Rfe1 Na5
14. Ne5 Nc4 15. Qg4 Bg5 16. Nxc4 Rxc4 17. f4 Bf6 18. f5 exf5 19. Qxf5 Bxd4+
20. cxd4 Rxd4 21. Bf2 Rd2 22. Rad1 Qa5 23. Rxd2 Qxd2 24. Rf1 d4 25. Qd5 d3
26. Bc5 Re8 27. Qxf7+ 1-0

[Event "36th Olympiad w"]
[Site "Calvia ESP"]
[Date "2004.10.15"]
[Round "1"]
[White "Connolly,S"]
[Black "Susterman,A"]
[Result "0-1"]
[WhiteElo "2076"]
[BlackElo "2299"]
[EventDate "2004.10.15"]

1. e4 c5 2. Nf3 Nc6 3. d4 cxd4 4. Nxd4 g6 5. Nc3 Bg7 6. Be3 Nf6 7. Be2 O-O
8. O-O d6 9. Kh1 Bd7 10. Nb3 a6 11. f3 Na5 12. Qd2 Nxb3 13. axb3 Bc6 14.
Rfd1 Rc8 15. Na4 Nd7 16. Nc3 Qc7 17. Bc4 Nf6 18. Bh6 b5 19. Bd3 Bb7 20.
Bxg7 Kxg7 21. b4 Rfd8 22. Qe3 d5 23. exd5 Nxd5 24. Nxd5 Rxd5 25. Kg1 Rcd8
26. c3 Rh5 27. g3 Re5 28. Qf2 Rd6 29. Bf1 Rf6 30. Bg2 Ref5 31. Rd3 e5 32.
Re3 h5 33. Qe2 h4 34. g4 Rf4 35. h3 Qb6 36. Kh1 Bd5 37. g5 R6f5 38. Rxe5
Bxf3 39. Rxf5 Bxg2+ 40. Kxg2 Rxf5 41. Rf1 Rxg5+ 42. Kh1 Rg3 0-1

[Event "36th Olympiad w"]
[Site "Calvia ESP"]
[Date "2004.10.15"]
[Round "1"]
[White "Partac,E"]
[Black "Ui Laighleis,G"]
[Result "1-0"]
[WhiteElo "2259"]
[BlackElo "1996"]
[EventDate "2004.10.15"]

1. e4 e6 2. d4 d5 3. exd5 exd5 4. Bd3 Nf6 5. h3 b6 6. c3 Bd6 7. Qf3 O-O 8.
Ne2 Ba6 9. Bxa6 Nxa6 10. Bg5 Be7 11. O-O Re8 12. Qd3 Nb8 13. Nd2 Nbd7 14.
Ng3 g6 15. f4 c6 16. f5 Bd6 17. Rf3 Qc7 18. Raf1 Bxg3 19. Rxg3 Ne4 20. Bf4
Qd8 21. Nxe4 Rxe4 22. fxg6 fxg6 23. Bg5 Qe8 24. Kh2 Qe6 25. Rgf3 Qd6+ 26.
Kh1 Rae8 27. Rf7 Re1 28. Bh6 Rxf1+ 29. Qxf1 Re1 30. Rg7+ Kh8 31. Qxe1 Qf8
32. Rxd7 Qxh6 33. Qe8+ 1-0

[Event "36th Olympiad w"]
[Site "Calvia ESP"]
[Date "2004.10.15"]
[Round "1"]
[White "Quinn,De"]
[Black "Smokina,K"]
[Result "0-1"]
[WhiteElo "2036"]
[BlackElo "2267"]
[EventDate "2004.10.15"]

1. e4 c5 2. Nc3 Nc6 3. g3 g6 4. Bg2 Bg7 5. d3 e6 6. Be3 d6 7. Qd2 Rb8 8. f4
Nge7 9. Nf3 Nd4 10. O-O O-O 11. Rae1 b6 12. Nd1 d5 13. e5 Nxf3+ 14. Bxf3 d4
15. Bf2 Bb7 16. Qe2 Nd5 17. c3 dxc3 18. bxc3 Qd7 19. d4 cxd4 20. Bxd4 Rfd8
21. Nf2 Qa4 22. Rc1 Ba6 23. c4 Nxf4 24. Qe4 Nh5 25. g4 Bb7 26. Qe3 Bxf3 27.
Qxf3 Rxd4 28. gxh5 Rf8 29. Ng4 Rxc4 30. Rxc4 Qxc4 31. hxg6 Qd4+ 32. Kh1
Bxe5 33. Re1 f6 0-1

[Event "36th Olympiad w"]
[Site "Calvia ESP"]
[Date "2004.10.15"]
[Round "1"]
[White "Reizniece,D"]
[Black "Mudongo,B"]
[Result "1-0"]
[WhiteElo "2278"]
[BlackElo "1978"]
[EventDate "2004.10.15"]

1. c4 e6 2. g3 Nf6 3. Bg2 Be7 4. Nf3 d5 5. O-O O-O 6. b3 Nbd7 7. Bb2 b6 8.
cxd5 exd5 9. Nd4 Bb7 10. Nf5 Re8 11. Nxe7+ Qxe7 12. Nc3 c5 13. d4 a6 14.
Re1 Rad8 15. Rc1 h6 16. e3 Ne4 17. dxc5 Ndxc5 18. Qd4 Qf6 19. Qxf6 Nxf6 20.
Red1 Nfe4 21. b4 Nxc3 22. Bxc3 Ne6 23. Bb2 Re7 24. Rd2 Red7 25. a4 Rc7 26.
Rxc7 Nxc7 27. Bd4 Na8 28. Rc2 Rc8 29. Rxc8+ Bxc8 30. Bxd5 Nc7 31. Bc6 b5
32. Bb6 Ne6 33. axb5 axb5 34. Bxb5 Bb7 35. h4 g6 36. Kf1 Kg7 37. Ke2 Kf6
38. f3 Ke7 39. e4 f6 40. Ke3 g5 41. f4 Kd6 42. Bd4 Nc7 43. Bc5+ Ke6 44.
Bc4+ Kd7 45. Bf8 gxh4 46. gxh4 h5 47. Be2 Bc6 48. Bxh5 Ke6 49. Bg6 1-0

[Event "36th Olympiad w"]
[Site "Calvia ESP"]
[Date "2004.10.15"]
[Round "1"]
[White "Sabure,T"]
[Black "Erneste,I"]
[Result "0-1"]
[WhiteElo "2075"]
[BlackElo "2310"]
[EventDate "2004.10.15"]

1. d4 d5 2. c4 e6 3. Nc3 Be7 4. Nf3 Nf6 5. e3 O-O 6. Bd3 dxc4 7. Bxc4 c5 8.
O-O cxd4 9. exd4 Nc6 10. a3 Nd5 11. Re1 a6 12. Qc2 Nxc3 13. bxc3 Bd7 14.
Bf4 Rc8 15. Bd3 g6 16. Bh6 Re8 17. Qe2 Bf6 18. Ne5 Nxe5 19. dxe5 Bg7 20.
Bxg7 Kxg7 21. c4 Qe7 22. Be4 Bc6 23. Bxc6 Rxc6 24. Rec1 Rec8 25. h3 Qc7 26.
Qe4 Rc5 27. f4 Rxc4 28. Rxc4 Qxc4 29. Qe3 Qc3 30. Re1 Qxe3+ 31. Rxe3 Rc4
32. Rf3 b5 33. Kf2 Kf8 34. g4 Ke7 35. Kg3 a5 36. Rb3 b4 37. Rf3 a4 38. Rd3
b3 39. Rd1 Rc3+ 40. Kg2 Rc2+ 41. Kg3 Ra2 42. Kh4 Rxa3 43. Rb1 Ra2 44. Kg5
Rh2 45. h4 b2 46. f5 gxf5 47. gxf5 exf5 48. Kxf5 a3 0-1

[Event "36th Olympiad w"]
[Site "Calvia ESP"]
[Date "2004.10.15"]
[Round "1"]
[White "Basem Hassan,M"]
[Black "Hunt,H"]
[Result "0-1"]
[WhiteElo "2050"]
[BlackElo "2385"]
[EventDate "2004.10.15"]

1. e4 c5 2. Nc3 Nc6 3. f4 g6 4. Nf3 Bg7 5. Bb5 Nd4 6. O-O Nxb5 7. Nxb5 d5
8. d3 Bd7 9. Nc3 d4 10. Ne2 e6 11. Qe1 Ne7 12. Bd2 O-O 13. g4 f5 14. gxf5
exf5 15. e5 Bc6 16. Qg3 Nd5 17. h4 Nc7 18. Rf2 Qd5 19. a3 Rae8 20. Raf1 Re6
21. Rh2 h5 22. Ng5 Re7 23. Nf3 Bh6 24. Ng5 Rg7 25. Nc1 Re8 26. Nb3 b6 27.
Qf3 a5 28. Qxd5+ Nxd5 29. Re2 a4 30. Nc1 Rb7 31. Kf2 b5 32. Rfe1 Bxg5 33.
hxg5 b4 34. axb4 cxb4 35. b3 a3 36. Na2 Re6 37. Ra1 Kf7 38. Ree1 Bd7 39.
Rac1 Rc6 40. Re2 Ke6 41. Kg3 Rc8 42. Kf2 Bc6 43. Ree1 h4 44. Ra1 Bd7 45.
Rac1 Rbc7 46. Re2 Rxc2 47. Rxc2 Rxc2 0-1

[Event "36th Olympiad w"]
[Site "Calvia ESP"]
[Date "2004.10.15"]
[Round "1"]
[White "Muzychuk,A"]
[Black "Van der Merwe,C"]
[Result "1-0"]
[WhiteElo "2383"]
[BlackElo "2059"]
[EventDate "2004.10.15"]

1. e4 e6 2. d4 d5 3. Nc3 Nf6 4. Bg5 Be7 5. e5 Nfd7 6. Bxe7 Qxe7 7. f4 a6 8.
Nf3 c5 9. Qd2 Nc6 10. dxc5 Nxc5 11. O-O-O b5 12. Nd4 Nxd4 13. Qxd4 b4 14.
Ne2 a5 15. Kb1 Ba6 16. g4 O-O 17. Ng3 Bxf1 18. Rhxf1 Rac8 19. f5 Qc7 20.
Rf2 Nd7 21. Re1 Qc4 22. Qd2 Qc7 23. f6 gxf6 24. exf6 Kh8 25. Nh5 Rg8 26. g5
Nc5 27. Ng3 Rg6 28. Rg2 Rcg8 29. h4 Nd7 30. Nh5 Rc8 31. Nf4 Rgg8 32. h5 Qd8
33. Reg1 Ne5 34. g6 Re8 35. gxf7 Nxf7 36. Ng6+ 1-0

[Event "36th Olympiad w"]
[Site "Calvia ESP"]
[Date "2004.10.15"]
[Round "1"]
[White "Pretorius,M"]
[Black "Kaps,D"]
[Result "0-1"]
[WhiteElo "1965"]
[BlackElo "2236"]
[EventDate "2004.10.15"]

1. e4 c6 2. d4 d5 3. Nc3 g6 4. Be3 Bg7 5. Qd2 Nf6 6. f3 dxe4 7. fxe4 Ng4 8.
Nf3 Nxe3 9. Qxe3 Bg4 10. Bc4 O-O 11. O-O-O b5 12. Bb3 Qb6 13. Rd3 Bxf3 14.
gxf3 e5 15. Ne2 exd4 16. Qf4 Nd7 17. Rg1 c5 18. Bd5 c4 19. Rdd1 Rac8 20.
Qg3 d3 21. Nc3 b4 22. Nb1 Qe3+ 23. Nd2 c3 24. Bb3 Nc5 25. Rge1 Nxb3+ 0-1

[Event "36th Olympiad w"]
[Site "Calvia ESP"]
[Date "2004.10.15"]
[Round "1"]
[White "Sharevich,A"]
[Black "Lindiawati,E"]
[Result "1/2-1/2"]
[WhiteElo "2266"]
[BlackElo "2125"]
[EventDate "2004.10.15"]

1. Nf3 Nf6 2. c4 e6 3. g3 b6 4. Bg2 Bb7 5. O-O Be7 6. Nc3 O-O 7. d4 d6 8.
Qc2 c5 9. e4 cxd4 10. Nxd4 Qc8 11. Qe2 Nc6 12. Nxc6 Qxc6 13. b3 Rfd8 14.
Bb2 a6 15. Rfe1 Rac8 16. Rac1 Nd7 17. Nb5 Ra8 18. Nd4 Qc7 19. f4 Bf6 20.
Kh1 Nb8 21. f5 exf5 22. Nxf5 Bxb2 23. Qxb2 f6 24. Rcd1 Nc6 25. Qa3 Ne5 26.
Nxd6 Bc6 27. Rd2 a5 28. Red1 Bd7 29. h3 a4 30. Qb4 axb3 31. axb3 Bc6 32.
Nf5 Rxd2 33. Rxd2 Rd8 34. Ne7+ Kf7 35. Nd5 Bxd5 36. exd5 Qc5 37. Qxc5 bxc5
38. Ra2 Rb8 39. Ra5 Rxb3 40. Rxc5 Rb1+ 41. Kh2 Rb2 42. g4 Rc2 43. Rc7+ Ke8
44. Rxg7 Rxc4 45. Rxh7 Nf7 46. Rh5 Ke7 47. Rf5 Nd6 48. Rf2 Nf7 49. Kg3 Ne5
50. Rf4 Rc3+ 51. Kh2 Ng6 52. Re4+ Kd7 53. Re6 Nh4 54. Be4 Re3 55. Bf5 Nxf5
56. gxf5 Rd3 57. Rxf6 Rxd5 58. Kg3 Ke7 59. Re6+ Kf7 60. Kf4 Rd1 61. Re3 Kf6
62. Rf3 Rd4+ 63. Kg3 Rd5 64. Kg4 Rd4+ 65. Rf4 Rd1 66. h4 Rg1+ 67. Kh5 Rg8
68. Rf2 Rh8+ 69. Kg4 Rg8+ 70. Kh3 Rg7 71. Rf4 Rg1 72. Rf2 Rg7 73. Rf3 Rg1
74. Rf2 Rg8 75. h5 Rg1 76. Rf3 Rg5 77. Kh4 Rxf5 78. Rg3 Rf4+ 79. Kh3 Kf7
80. Rg6 Rc4 81. Rg3 Rf4 82. Rg2 Rc4 83. Rg5 Kf6 84. Rd5 Kg7 85. Kg3 1/2-1/2